Name the rapper from their songs 3 - Statistics

General Stats
  • This quiz has been taken 94 times
  • The average score is 12 of 23
Answer Stats
Song Song Song Answer % Correct
Did it again Ransom Love me LIL TECCA
84%
Stick by my side Shotta Flow Capo NLE CHOPPA
84%
Suge Walker Texas Ranger Goin Baby DABABY
81%
Close Freinds Pure Cocaine Drip too hard LIL BABY
81%
Enzo Mo bamba Chippi chippi SHECK WES
77%
1-800 Homicide Everyday LOGIC
76%
Bussdown Thotiana Daddy BLUEFACE
74%
Playwitme iSpy Hey Julie KYLE
74%
Finer Things Hollywood Pop out POLO G
66%
Nowadays Red Roses i LIL SKIES
63%
Die Young Down below Every Season RODDY RICCH
56%
Clout Conain Ultimate Ricky DENZEL CURRY
55%
Sold out dates Baby birkin Top off GUNNA
52%
Caroline Reel it in Blackjack AMINE
47%
4 sons of a king Freedawg Genie NBA YOUNGBOY
37%
Kung Fu Have Mercy Target YBN CORDAE
37%
Beerus Ares Lamborghini KSI
35%
Walk Bands NONSENSE COMETHAZINE
29%
Thiago Silva Location Funky Friday DAVE
29%
Emotions Romance361 Molly IANN DIOR
24%
Racks in the middle Higher Double up NIPSEY HUSSLE
24%
Timing Worth it Valentine YK OSIRIS
24%
Ladbroke Grove Butterflies Mimi AJ TRACEY
16%
No matching quizzes found
Score Distribution
Percent of People with Each Score
Percentile by Number Answered
Your Score History
You have not taken this quiz